00649 2200229 4500001002100000005001500021035002000036008004100056245008600097250001000183260003300193300005000226020002200276084001400298082001000312650002800322863001600350700000900366711002200375990001100397990001100408INLIS00000000001182320220620110344 a0010-0622000333220620 b 0 ind  aKomik Sains Bocah Pintar :bKulit, Indra Peraba /cSmartkids Studio; editor, Maya acet.1 aYogyakarta :bRainbow,c2017 a33 hal. :bilus. ;c28 cm.-- Seri Panca Indra a978-979-29-6178-2 a741.5 KOM a741.5 4aCERITA BERGAMBAR. KOMIK aPanca Indra0 aMAYA0 aSMARTKIDS, Studio a7710 a a7710 b